|
|
|
|
| LEADER |
00000naa a2200000 a 4500 |
| 001 |
vtls010260771 |
| 003 |
SK-MaSNL |
| 005 |
20260319074715.0 |
| 008 |
11030220s2009 xo o |0||||||||0|||b|en |
| 015 |
|
|
|a SNBRA2010/08
|
| 035 |
|
|
|a SVKKK000101738
|
| 038 |
|
|
|a SVKKK
|
| 040 |
|
|
|a SVKKK
|b slo
|c SVKKK
|e AACR2
|
| 041 |
0 |
|
|a eng
|b eng
|
| 044 |
|
|
|a xo
|c SK
|
| 080 |
|
|
|a 524.1
|2 1997
|
| 080 |
|
|
|a 551.521.6
|2 1997
|
| 100 |
1 |
|
|a Iskra, Krzysztof
|4 aut
|9 772661
|
| 245 |
1 |
4 |
|a The estimation of the parallel diffusion coefficient based on the measurements of the interplanetary magnetic field turbulence
|c Krzysztof Iskra
|
| 300 |
|
|
|b Obr.
|
| 504 |
|
|
|a Bibliogr. odkazy
|
| 546 |
|
|
|a Res. angl.
|
| 650 |
0 |
7 |
|a medziplanetárne magnetické polia
|2 SNK
|9 818621
|
| 650 |
0 |
7 |
|a kozmické žiarenie
|2 SNKPH
|9 50146
|
| 650 |
0 |
7 |
|a intenzita
|2 SNK
|9 818622
|
| 773 |
0 |
|
|t Proceedings of the 21st European cosmic ray symposium
|d Košice : Ústav experimentálnej fyziky Slovenskej akadémie vied, 2009
|z 9788096806058
|g S. 303-305
|
| 852 |
|
|
|a SVKKK
|b BIB
|
| 958 |
|
|
|a NB
|
| 999 |
|
|
|c 1314213
|d 1316143
|